MARC details
| 000 -LEADER |
| fixed length control field |
03124cam a2200697 i 4500 |
| 001 - CONTROL NUMBER |
| control field |
ocn946987253 |
| 003 - CONTROL NUMBER IDENTIFIER |
| control field |
OCoLC |
| 005 - DATE AND TIME OF LATEST TRANSACTION |
| control field |
20200320201422.0 |
| 008 - FIXED-LENGTH DATA ELEMENTS--GENERAL INFORMATION |
| fixed length control field |
160418s2016 nyua c 000 1 eng |
| 010 ## - LIBRARY OF CONGRESS CONTROL NUMBER |
| LC control number |
2015040010 |
| 019 ## - |
| -- |
933591052 |
| -- |
957291211 |
| 020 ## - INTERNATIONAL STANDARD BOOK NUMBER |
| International Standard Book Number |
9781681190518 (hardcover) |
| 020 ## - INTERNATIONAL STANDARD BOOK NUMBER |
| International Standard Book Number |
1681190516 (hardcover) |
| 020 ## - INTERNATIONAL STANDARD BOOK NUMBER |
| Cancelled/invalid ISBN |
9781681190525 (ebook - epub) |
| 029 1# - (OCLC) |
| OCLC library identifier |
AU@ |
| System control number |
000057296596 |
| 035 ## - SYSTEM CONTROL NUMBER |
| System control number |
(OCoLC)946987253 |
| Canceled/invalid control number |
(OCoLC)933591052 |
| -- |
(OCoLC)957291211 |
| 040 ## - CATALOGING SOURCE |
| Original cataloging agency |
DLC |
| Language of cataloging |
eng |
| Description conventions |
rda |
| Transcribing agency |
DLC |
| Modifying agency |
YDXCP |
| -- |
BTCTA |
| -- |
BDX |
| -- |
JTH |
| -- |
OU9 |
| -- |
CGP |
| -- |
IUL |
| -- |
VP@ |
| -- |
IHX |
| -- |
TOH |
| -- |
ANK |
| -- |
OCLCO |
| -- |
IGA |
| -- |
RB0 |
| -- |
OCLCO |
| -- |
OCLCF |
| -- |
OCLCO |
| -- |
WACOL |
| 042 ## - AUTHENTICATION CODE |
| Authentication code |
lcac |
| -- |
pcc |
| 043 ## - GEOGRAPHIC AREA CODE |
| Geographic area code |
n-us-ny |
| 049 ## - LOCAL HOLDINGS (OCLC) |
| Holding library |
WACL |
| 050 00 - LIBRARY OF CONGRESS CALL NUMBER |
| Classification number |
PZ7.E8685 |
| Item number |
Gr 2016 |
| 082 00 - DEWEY DECIMAL CLASSIFICATION NUMBER |
| Classification number |
[Fic] |
| Edition number |
23 |
| 092 ## - LOCALLY ASSIGNED DEWEY CALL NUMBER (OCLC) |
| Classification number |
junior fiction |
| Item number |
Eul |
| 100 1# - MAIN ENTRY--PERSONAL NAME |
| Personal name |
Eulberg, Elizabeth, |
| Relator term |
author. |
| 9 (RLIN) |
5859611 |
| 245 14 - TITLE STATEMENT |
| Title |
The Great Shelby Holmes / |
| Statement of responsibility, etc |
Elizabeth Eulberg ; illustrated by Erwin Madrid. |
| 264 #1 - Production, Publication, Distribution, Manufacture, and Copyright Notice. |
| Place of production, publication, distribution, manufacture |
New York : |
| Name of producer, publisher, distributor, manufacturer |
Bloomsbury, |
| Date of production, publication, distribution, manufacture, or copyr |
[2016] |
| 300 ## - PHYSICAL DESCRIPTION |
| Extent |
243 pages : |
| Other physical details |
illustrations ; |
| Dimensions |
22 cm |
| 336 ## - Content Type |
| Content type term |
text |
| 337 ## - Media type |
| Media type term |
unmediated |
| 338 ## - Carrier type |
| Carrier type term |
volume |
| 520 ## - SUMMARY, ETC. |
| Summary, etc |
Nine-year-old Shelby Holmes, the best detective in her Harlem neighborhood, and her new easy-going friend from downstairs, eleven-year-old John Watson, become partners in a dog-napping case. |
| 521 ## - TARGET AUDIENCE NOTE |
| Target audience note |
junior fiction |
| Source |
junior library guild |
| 650 #1 - SUBJECT ADDED ENTRY--TOPICAL TERM |
| Topical term or geographic name as entry element |
Mystery and detective stories. |
| 9 (RLIN) |
5925161 |
| 650 #1 - SUBJECT ADDED ENTRY--TOPICAL TERM |
| Topical term or geographic name as entry element |
Friendship |
| Form subdivision |
Fiction. |
| 9 (RLIN) |
5673769 |
| 651 #1 - SUBJECT ADDED ENTRY--GEOGRAPHIC NAME |
| Geographic name |
Harlem (New York, N.Y.) |
| Form subdivision |
Fiction. |
| 9 (RLIN) |
5771011 |
| 650 #0 - SUBJECT ADDED ENTRY--TOPICAL TERM |
| Topical term or geographic name as entry element |
Child detectives |
| Form subdivision |
Juvenile fiction. |
| 9 (RLIN) |
5709730 |
| 650 #0 - SUBJECT ADDED ENTRY--TOPICAL TERM |
| Topical term or geographic name as entry element |
Friendship in children |
| Form subdivision |
Juvenile fiction. |
| 9 (RLIN) |
5691626 |
| 650 #0 - SUBJECT ADDED ENTRY--TOPICAL TERM |
| Topical term or geographic name as entry element |
Dogs |
| Form subdivision |
Juvenile fiction. |
| 9 (RLIN) |
5674840 |
| 650 #0 - SUBJECT ADDED ENTRY--TOPICAL TERM |
| Topical term or geographic name as entry element |
Kidnapping |
| General subdivision |
Investigation |
| Form subdivision |
Juvenile fiction. |
| 9 (RLIN) |
5925162 |
| 651 #0 - SUBJECT ADDED ENTRY--GEOGRAPHIC NAME |
| Geographic name |
Harlem (New York, N.Y.) |
| Form subdivision |
Juvenile fiction. |
| 9 (RLIN) |
5741252 |
| 650 #7 - SUBJECT ADDED ENTRY--TOPICAL TERM |
| Topical term or geographic name as entry element |
JUVENILE FICTION / Humorous Stories. |
| Source of heading or term |
bisacsh |
| 9 (RLIN) |
5685987 |
| 650 #7 - SUBJECT ADDED ENTRY--TOPICAL TERM |
| Topical term or geographic name as entry element |
JUVENILE FICTION / Mysteries & Detective Stories. |
| Source of heading or term |
bisacsh |
| 9 (RLIN) |
5675882 |
| 650 #7 - SUBJECT ADDED ENTRY--TOPICAL TERM |
| Topical term or geographic name as entry element |
JUVENILE FICTION / Social Themes / Friendship. |
| Source of heading or term |
bisacsh |
| 9 (RLIN) |
5715225 |
| 650 #7 - SUBJECT ADDED ENTRY--TOPICAL TERM |
| Topical term or geographic name as entry element |
Child detectives. |
| Source of heading or term |
fast |
| -- |
(OCoLC)fst01893205 |
| 9 (RLIN) |
5925163 |
| 650 #7 - SUBJECT ADDED ENTRY--TOPICAL TERM |
| Topical term or geographic name as entry element |
Dogs. |
| Source of heading or term |
fast |
| -- |
(OCoLC)fst00896265 |
| 9 (RLIN) |
5925164 |
| 650 #7 - SUBJECT ADDED ENTRY--TOPICAL TERM |
| Topical term or geographic name as entry element |
Friendship in children. |
| Source of heading or term |
fast |
| -- |
(OCoLC)fst00935198 |
| 9 (RLIN) |
5925165 |
| 650 #7 - SUBJECT ADDED ENTRY--TOPICAL TERM |
| Topical term or geographic name as entry element |
Kidnapping |
| General subdivision |
Investigation. |
| Source of heading or term |
fast |
| -- |
(OCoLC)fst01920579 |
| 9 (RLIN) |
5925166 |
| 651 #7 - SUBJECT ADDED ENTRY--GEOGRAPHIC NAME |
| Geographic name |
New York (State) |
| Geographic subdivision |
New York |
| -- |
Harlem. |
| Source of heading or term |
fast |
| -- |
(OCoLC)fst01312318 |
| 9 (RLIN) |
5925167 |
| 655 #7 - INDEX TERM--GENRE/FORM |
| Genre/form data or focus term |
Mystery fiction. |
| Source of term |
gsafd |
| 9 (RLIN) |
5925168 |
| 655 #7 - INDEX TERM--GENRE/FORM |
| Genre/form data or focus term |
Detective and mystery fiction. |
| Source of term |
lcgft |
| 9 (RLIN) |
5683641 |
| 655 #7 - INDEX TERM--GENRE/FORM |
| Genre/form data or focus term |
Fiction. |
| Source of term |
fast |
| -- |
(OCoLC)fst01423787 |
| 9 (RLIN) |
5673940 |
| 655 #7 - INDEX TERM--GENRE/FORM |
| Genre/form data or focus term |
Juvenile works. |
| Source of term |
fast |
| -- |
(OCoLC)fst01411637 |
| 9 (RLIN) |
5673941 |
| 700 1# - ADDED ENTRY--PERSONAL NAME |
| Personal name |
Madrid, Erwin, |
| Relator term |
illustrator. |
| 9 (RLIN) |
5925169 |
| 938 ## - |
| -- |
Brodart |
| -- |
BROD |
| -- |
114632375 |
| 938 ## - |
| -- |
Baker and Taylor |
| -- |
BTCP |
| -- |
BK0018198318 |
| 938 ## - |
| -- |
YBP Library Services |
| -- |
YANK |
| -- |
12771767 |
| 942 ## - ADDED ENTRY ELEMENTS (KOHA) |
| Koha item type |
BOOK |
| 948 ## - LOCAL PROCESSING INFORMATION (OCLC); SERIES PART DESIGNATOR (RLIN) |
| Series part designator, SPT (RLIN) |
11/08/2016 |
| z (OCLC) |
Sirsi |
| 994 ## - |
| -- |
C0 |
| -- |
WACOL |
| 996 ## - |
| -- |
135943 |
| -- |
34301001332628 |
| -- |
J |
| -- |
bk |
| -- |
wcl |
| -- |
i |
| -- |
6 |
| -- |
16.99 |
| -- |
junior library guild |
| -- |
Eul |
| -- |
12/19/2016 |
| -- |
04/15/2019 |
| -- |
03/22/2019 |